Geography Quiz

Random Geography or Asia Quiz

Most Guessed Asian Countries Per Letter Minefield Quiz Stats

Quiz Updated Feb 5, 2018

Also try: Countries of Asia
Challenge
Share
Tweet
Embed
Score 0/20 Timer 05:00
0 Plays Today
Letter Country % Correct
C???
84.7%
J???
68.7%
I???
63.8%
R???
41.7%
V???
40.3%
Y???
39.9%
Q???
36.9%
O???
36.4%
A???
36.2%
S???
31.6%
Letter Country % Correct
N???
29.9%
P???
28.1%
L???
26.9%
M???
23.6%
B???
21.8%
K???
20.4%
G???
19.5%
T???
19%
U???
14.6%
*MINE*???
6.5%

You're not logged in!

Compare scores with friends on all Sporcle quizzes.
Join for Free
OR
Log In

Show Comments

Extras

Top Quizzes Today


Score Distribution

Your Account Isn't Verified!

In order to create a playlist on Sporcle, you need to verify the email address you used during registration. Go to your Sporcle Settings to finish the process.

Report this User

Report this user for behavior that violates our Community Guidelines.

Details: